[Event "European Online Club-ch-D 2021"]
[Site "Online"]
[Date "2021.03.27"]
[Round "5.14"]
[White "Sanchez Gonzalez, Sergio"]
[Black "Kusa, Jakub"]
[Result "1/2-1/2"]
[WhiteElo "2281"]
[BlackElo "2336"]
[Annotator "NA"]
[PlyCount "155"]
[EventDate "2021.03.27"]
[EventType "team-tourn"]
[EventCountry "NET"]
[SourceTitle "playchess.com"]
[Source "ChessBase"]
[SourceQuality "1"]
[TimeControl "900+5"]

1. c4 {[%emt 0:00:00]} Nf6 {[%emt 0:00:05]} 2. Nc3 {[%emt 0:01:26]} g6 {[%emt 0:00:11]} 3. e4 {[%emt 0:00:10]} d6 {[%emt 0:00:03]} 4. d4 {[%emt 0:00:02]} Bg7 {[%emt 0:00:10]} 5. h3 {[%emt 0:00:02]} O-O {[%emt 0:00:06]} 6. Nf3 {[%emt 0:00:02]} c6 {[%emt 0:00:21]} 7. Be2 {[%emt 0:00:03]} a6 {[%emt 0:00:18]} 8. a4 {[%emt 0:00:10]} a5 {[%emt 0:00:03]} 9. Be3 {[%emt 0:00:03]} Na6 {[%emt 0:00:14]} 10. Qd2 {[%emt 0:00:16]} e5 {[%emt 0:00:54]} 11. d5 {[%emt 0:00:07]} cxd5 {[%emt 0:00:44]} 12. cxd5 {[%emt 0:00:08]} Bd7 {[%emt 0:00:26]} 13. O-O {[%emt 0:00:16]} Rc8 {[%emt 0:00:32]} 14. Bd3 {[%emt 0:02:51]} Nc5 {[%emt 0:00:22]} 15. Bc2 {[%emt 0:00:03]} Qb6 {[%emt 0:00:15]} 16. Rfb1 {[%emt 0:00:25]} Qb4 {[%emt 0:00:32]} 17. Ne1 {[%emt 0:00:56]} Nb3 {[%emt 0:01:31]} 18. Bxb3 {[%emt 0:00:09]} Qxb3 {[%emt 0:00:03]} 19. f3 {[%emt 0:00:25]} Nh5 {[%emt 0:01:20]} 20. Nd3 {[%emt 0:00:08]} f5 {[%emt 0:01:08]} 21. Rc1 {[%emt 0:00:22]} fxe4 {[%emt 0:01:17]} 22. fxe4 {[%emt 0:00:04]} Qc4 {[%emt 0:00:57]} 23. b3 {[%emt 0:01:45]} Qa6 {[%emt 0:01:57]} 24. Kh2 {[%emt 0:00:03]} Nf4 {[%emt 0:00:09]} 25. Nf2 {[%emt 0:01:16]} Rc7 {[%emt 0:00:19]} 26. Rab1 {[%emt 0:01:15]} Rfc8 {[%emt 0:00:27]} 27. b4 {[%emt 0:00:11]} axb4 {[%emt 0:00:14]} 28. Rxb4 {[%emt 0:00:03]} Qa5 {[%emt 0:01:40]} 29. Rb3 {[%emt 0:00:04]} Bxa4 {[%emt 0:00:13]} 30. Bb6 {[%emt 0:00:03]} Qa6 {[%emt 0:00:04]} 31. Rb4 {[%emt 0:00:04]} Rc4 {[%emt 0:00:07]} 32. Rb2 {[%emt 0:01:50]} Bd7 {[%emt 0:00:20]} 33. Ng4 {[%emt 0:00:38]} Bxg4 {[%emt 0:00:03]} 34. hxg4 {[%emt 0:00:02]} Qa3 {[%emt 0:00:23]} 35. Rbc2 {[%emt 0:00:25]} Qb3 {[%emt 0:00:11]} 36. Be3 {[%emt 0:00:05]} Qb4 {[%emt 0:00:03]} 37. g3 {[%emt 0:00:09]} Qa3 {[%emt 0:00:04]} 38. Nb5 {[%emt 0:00:18]} Rxc2 {[%emt 0:00:02]} 39. Nxa3 {[%emt 0:00:11]} Rxc1 {[%emt 0:00:14]} 40. gxf4 {[%emt 0:00:09]} Ra1 {[%emt 0:00:02]} 41. Nb5 {[%emt 0:00:29]} Rca8 {[%emt 0:00:07]} 42. Nc3 {[%emt 0:00:44]} R8a3 {[%emt 0:00:07]} 43. f5 {[%emt 0:00:04]} Rb3 {[%emt 0:00:07]} 44. g5 {[%emt 0:00:04]} gxf5 {[%emt 0:00:02]} 45. exf5 {[%emt 0:00:02]} Raa3 {[%emt 0:00:02]} 46. Nd1 {[%emt 0:00:04]} Rd3 {[%emt 0:00:07]} 47. Qe2 {[%emt 0:00:07]} h6 {[%emt 0:00:06]} 48. f6 {[%emt 0:00:02]} Bh8 {[%emt 0:00:03]} 49. g6 {[%emt 0:00:02]} Bxf6 {[%emt 0:00:02]} 50. Qf3 {[%emt 0:00:04]} Kg7 {[%emt 0:00:10]} 51. Bxh6+ {[%emt 0:00:03]} Kxg6 {[%emt 0:00:02]} 52. Be3 {[%emt 0:00:04]} e4 {[%emt 0:00:02]} 53. Qxe4+ {[%emt 0:00:02]} Kg7 {[%emt 0:00:04]} 54. Qg4+ {[%emt 0:00:02]} Kf7 {[%emt 0:00:02]} 55. Qe6+ {[%emt 0:00:03]} Kg7 {[%emt 0:00:02]} 56. Kg2 {[%emt 0:00:04]} Rxd1 {[%emt 0:00:04]} 57. Qg4+ {[%emt 0:00:02]} Kf7 {[%emt 0:00:01]} 58. Qh5+ {[%emt 0:00:02]} Ke7 {[%emt 0:00:05]} 59. Qxd1 {[%emt 0:00:11]} Rxe3 {[%emt 0:00:02]} 60. Qb1 {[%emt 0:00:09]} Be5 {[%emt 0:00:03]} 61. Qxb7+ {[%emt 0:00:03]} Kf6 {[%emt 0:00:02]} 62. Qc8 {[%emt 0:00:02]} Rg3+ {[%emt 0:00:02]} 63. Kf2 {[%emt 0:00:02]} Rc3 {[%emt 0:00:01]} 64. Qe6+ {[%emt 0:00:02]} Kg5 {[%emt 0:00:02]} 65. Ke2 {[%emt 0:00:02]} Kf4 {[%emt 0:00:04]} 66. Qg6 {[%emt 0:00:07]} Re3+ {[%emt 0:00:05]} 67. Kd2 {[%emt 0:00:03]} Rg3 {[%emt 0:00:03]} 68. Qh7 {[%emt 0:00:03]} Rc3 {[%emt 0:00:04]} 69. Qh4+ {[%emt 0:00:25]} Kf5 {[%emt 0:00:03]} 70. Qh5+ {[%emt 0:00:03]} Ke4 {[%emt 0:00:03]} 71. Qh1+ {[%emt 0:00:06]} Kd4 {[%emt 0:00:06]} 72. Qg2 {[%emt 0:00:13]} Kc4 {[%emt 0:00:09]} 73. Qe4+ {[%emt 0:00:06]} Kc5 {[%emt 0:00:05]} 74. Qh1 {[%emt 0:00:06]} Rg3 {[%emt 0:00:10]} 75. Ke2 {[%emt 0:00:07]} Rc3 {[%emt 0:00:04]} 76. Kd2 {[%emt 0:00:03]} Rg3 {[%emt 0:00:08]} 77. Ke2 {[%emt 0:00:04]} Rc3 {[%emt 0:00:02]} 78. Kd2 {[%emt 0:00:02]} 1/2-1/2

[Event "European Online Club-ch-D 2021"]
[Site "Online"]
[Date "2021.03.27"]
[Round "5.15"]
[White "Sluka, Radek"]
[Black "Pascual Palomo, Lucia"]
[Result "0-1"]
[WhiteElo "2324"]
[BlackElo "2101"]
[Annotator "NA"]
[PlyCount "94"]
[EventDate "2021.03.27"]
[EventType "team-tourn"]
[EventCountry "NET"]
[SourceTitle "playchess.com"]
[Source "ChessBase"]
[SourceQuality "1"]
[TimeControl "900+5"]

1. f4 {[%emt 0:00:00]} e6 {[%emt 0:00:26]} 2. Nf3 {[%emt 0:00:05]} b6 {[%emt 0:00:02]} 3. b3 {[%emt 0:00:07]} Bb7 {[%emt 0:00:03]} 4. Bb2 {[%emt 0:00:07]} f5 {[%emt 0:00:02]} 5. e3 {[%emt 0:00:10]} Nf6 {[%emt 0:00:02]} 6. Be2 {[%emt 0:00:53]} g6 {[%emt 0:00:15]} 7. O-O {[%emt 0:00:17]} Bg7 {[%emt 0:00:03]} 8. a4 {[%emt 0:00:02]} a5 {[%emt 0:00:04]} 9. Na3 {[%emt 0:00:06]} O-O {[%emt 0:00:04]} 10. Nc4 {[%emt 0:00:51]} d6 {[%emt 0:00:32]} 11. Ng5 {[%emt 0:00:58]} Qe7 {[%emt 0:00:27]} 12. Bf3 {[%emt 0:00:09]} Bxf3 {[%emt 0:00:41]} 13. Nxf3 {[%emt 0:00:19]} Nbd7 {[%emt 0:00:08]} 14. Nd4 {[%emt 0:00:40]} Nc5 {[%emt 0:00:26]} 15. d3 {[%emt 0:00:41]} Ng4 {[%emt 0:01:34]} 16. Qf3 {[%emt 0:00:56]} Rae8 {[%emt 0:03:05]} 17. h3 {[%emt 0:00:45]} Nf6 {[%emt 0:00:10]} 18. Rae1 {[%emt 0:00:31]} Qd7 {[%emt 0:00:19]} 19. Qc6 {[%emt 0:01:04]} e5 {[%emt 0:00:28]} 20. fxe5 {[%emt 0:00:30]} dxe5 {[%emt 0:00:20]} 21. Qxd7 {[%emt 0:00:08]} Nfxd7 {[%emt 0:00:24]} 22. Nb5 {[%emt 0:00:21]} c6 {[%emt 0:01:27]} 23. Nbd6 {[%emt 0:00:49]} Re6 {[%emt 0:00:02]} 24. d4 {[%emt 0:00:54]} Na6 {[%emt 0:01:21]} 25. c3 {[%emt 0:00:45]} Nc7 {[%emt 0:00:48]} 26. e4 {[%emt 0:00:55]} f4 {[%emt 0:00:28]} 27. dxe5 {[%emt 0:01:06]} b5 {[%emt 0:00:29]} 28. axb5 {[%emt 0:00:37]} cxb5 {[%emt 0:00:02]} 29. Nxa5 {[%emt 0:00:07]} Nxe5 {[%emt 0:00:08]} 30. Rd1 {[%emt 0:00:17]} f3 {[%emt 0:00:52]} 31. Nab7 {[%emt 0:00:43]} fxg2 {[%emt 0:00:30]} 32. Kxg2 {[%emt 0:00:07]} Rxf1 {[%emt 0:00:30]} 33. Kxf1 {[%emt 0:00:07]} Nf3 {[%emt 0:00:24]} 34. Ke2 {[%emt 0:00:19]} Ng5 {[%emt 0:00:08]} 35. Nc5 {[%emt 0:00:29]} Re7 {[%emt 0:00:29]} 36. h4 {[%emt 0:00:07]} Nge6 {[%emt 0:00:19]} 37. Nxe6 {[%emt 0:00:29]} Rxe6 {[%emt 0:00:02]} 38. Kf3 {[%emt 0:00:27]} b4 {[%emt 0:00:04]} 39. Nc4 {[%emt 0:00:08]} bxc3 {[%emt 0:00:07]} 40. Rd8+ {[%emt 0:00:04]} Re8 {[%emt 0:00:03]} 41. Rxe8+ {[%emt 0:00:04]} Nxe8 {[%emt 0:00:01]} 42. Bc1 {[%emt 0:00:01]} Kf7 {[%emt 0:00:10]} 43. e5 {[%emt 0:00:03]} Ke6 {[%emt 0:00:03]} 44. Ke4 {[%emt 0:00:01]} Nc7 {[%emt 0:00:04]} 45. Kd3 {[%emt 0:00:15]} Nd5 {[%emt 0:00:10]} 46. Ke4 {[%emt 0:00:08]} Nb4 {[%emt 0:00:09]} 47. Kd4 {[%emt 0:00:05]} Na2 {[%emt 0:00:12]} 0-1

[Event "European Online Club-ch-D 2021"]
[Site "Online"]
[Date "2021.03.27"]
[Round "5.16"]
[White "Estevez Sacristan, Deva"]
[Black "Zeman, Matyas"]
[Result "0-1"]
[WhiteElo "1932"]
[BlackElo "2261"]
[Annotator "NA"]
[PlyCount "72"]
[EventDate "2021.03.27"]
[EventType "team-tourn"]
[EventCountry "NET"]
[SourceTitle "playchess.com"]
[Source "ChessBase"]
[SourceQuality "1"]
[TimeControl "900+5"]

1. e4 {[%emt 0:00:00]} c5 {[%emt 0:00:06]} 2. Nc3 {[%emt 0:00:04]} Nc6 {[%emt 0:00:08]} 3. Nf3 {[%emt 0:00:03]} g6 {[%emt 0:00:13]} 4. d4 {[%emt 0:00:05]} cxd4 {[%emt 0:00:00]} 5. Nxd4 {[%emt 0:00:14]} Bg7 {[%emt 0:00:01]} 6. Be3 {[%emt 0:00:07]} Nf6 {[%emt 0:00:03]} 7. Bc4 {[%emt 0:00:06]} O-O {[%emt 0:00:01]} 8. Bb3 {[%emt 0:00:05]} Re8 {[%emt 0:00:03]} 9. f3 {[%emt 0:00:23]} e6 {[%emt 0:00:02]} 10. Qd2 {[%emt 0:00:45]} d5 {[%emt 0:00:37]} 11. exd5 {[%emt 0:01:05]} Nxd5 {[%emt 0:00:00]} 12. Nxd5 {[%emt 0:00:20]} Nxd4 {[%emt 0:01:06]} 13. Nc3 {[%emt 0:01:44]} Nxb3 {[%emt 0:01:11]} 14. Qxd8 {[%emt 0:00:28]} Rxd8 {[%emt 0:00:00]} 15. axb3 {[%emt 0:00:02]} a6 {[%emt 0:00:04]} 16. Ke2 {[%emt 0:00:27]} Bd7 {[%emt 0:00:03]} 17. Bb6 {[%emt 0:00:19]} Re8 {[%emt 0:01:54]} 18. Rhd1 {[%emt 0:00:13]} Bc6 {[%emt 0:00:05]} 19. Rd3 {[%emt 0:01:26]} Rac8 {[%emt 0:00:36]} 20. Rad1 {[%emt 0:00:10]} f5 {[%emt 0:00:30]} 21. Kf2 {[%emt 0:02:55]} e5 {[%emt 0:00:32]} 22. Re3 {[%emt 0:00:33]} Kf7 {[%emt 0:01:40]} 23. Re2 {[%emt 0:00:28]} Re6 {[%emt 0:00:10]} 24. Bd8 {[%emt 0:02:00]} h6 {[%emt 0:01:01]} 25. Na4 {[%emt 0:00:34]} Bf8 {[%emt 0:00:43]} 26. Kf1 {[%emt 0:00:34]} Bb5 {[%emt 0:00:38]} 27. c4 {[%emt 0:00:02]} Bxa4 {[%emt 0:00:02]} 28. bxa4 {[%emt 0:00:05]} Rxc4 {[%emt 0:00:02]} 29. Rd7+ {[%emt 0:00:43]} Ke8 {[%emt 0:00:03]} 30. Red2 {[%emt 0:00:03]} e4 {[%emt 0:01:00]} 31. fxe4 {[%emt 0:01:12]} Rcxe4 {[%emt 0:00:02]} 32. Ba5 {[%emt 0:00:11]} Re1+ {[%emt 0:00:05]} 33. Kf2 {[%emt 0:00:02]} Bc5+ {[%emt 0:00:03]} 34. Kf3 {[%emt 0:00:02]} R1e3+ {[%emt 0:00:34]} 35. Kf2 {[%emt 0:00:11]} Rd3+ {[%emt 0:00:02]} 36. Kf1 {[%emt 0:00:04]} Rxd7 {[%emt 0:00:03]} 0-1

[Event "European Online Club-ch-D 2021"]
[Site "Online"]
[Date "2021.03.27"]
[Round "5.17"]
[White "Tokhirjonova, Gulrukhbegim"]
[Black "Reimanis, Ritvars"]
[Result "0-1"]
[WhiteElo "2362"]
[BlackElo "2412"]
[Annotator "NA"]
[PlyCount "76"]
[EventDate "2021.03.27"]
[EventType "team-tourn"]
[EventCountry "NET"]
[SourceTitle "playchess.com"]
[Source "ChessBase"]
[SourceQuality "1"]
[TimeControl "900+5"]

1. e4 {[%emt 0:00:00]} c5 {[%emt 0:00:04]} 2. Nf3 {[%emt 0:00:02]} Nc6 {[%emt 0:00:02]} 3. Bb5 {[%emt 0:00:02]} g6 {[%emt 0:00:01]} 4. c3 {[%emt 0:00:03]} Nf6 {[%emt 0:00:07]} 5. Qe2 {[%emt 0:00:02]} Bg7 {[%emt 0:00:03]} 6. O-O {[%emt 0:00:02]} O-O {[%emt 0:00:03]} 7. d4 {[%emt 0:00:02]} cxd4 {[%emt 0:00:02]} 8. cxd4 {[%emt 0:00:01]} d5 {[%emt 0:00:01]} 9. e5 {[%emt 0:00:01]} Ne4 {[%emt 0:00:01]} 10. Rd1 {[%emt 0:00:01]} Qb6 {[%emt 0:00:08]} 11. Be3 {[%emt 0:00:28]} f6 {[%emt 0:00:16]} 12. Nc3 {[%emt 0:00:11]} Nxc3 {[%emt 0:00:03]} 13. bxc3 {[%emt 0:00:01]} Bg4 {[%emt 0:00:06]} 14. Rab1 {[%emt 0:00:09]} Qa5 {[%emt 0:00:01]} 15. h3 {[%emt 0:00:14]} Bxf3 {[%emt 0:00:03]} 16. Qxf3 {[%emt 0:00:05]} Rad8 {[%emt 0:00:02]} 17. exf6 {[%emt 0:01:27]} Bxf6 {[%emt 0:00:17]} 18. Qg4 {[%emt 0:00:12]} Kg7 {[%emt 0:00:37]} 19. Bd3 {[%emt 0:01:01]} Qc7 {[%emt 0:00:20]} 20. f4 {[%emt 0:00:32]} Kh8 {[%emt 0:00:09]} 21. Rf1 {[%emt 0:00:15]} Rg8 {[%emt 0:00:10]} 22. h4 {[%emt 0:00:49]} Na5 {[%emt 0:00:10]} 23. f5 {[%emt 0:00:28]} Qxc3 {[%emt 0:01:34]} 24. Rbd1 {[%emt 0:02:44]} Nc4 {[%emt 0:00:06]} 25. Bf4 {[%emt 0:01:13]} Qxd4+ {[%emt 0:01:03]} 26. Kh1 {[%emt 0:00:14]} Ne3 {[%emt 0:01:12]} 27. Qf3 {[%emt 0:00:15]} Nxd1 {[%emt 0:00:22]} 28. Rxd1 {[%emt 0:00:03]} g5 {[%emt 0:01:50]} 29. hxg5 {[%emt 0:00:14]} Bxg5 {[%emt 0:00:02]} 30. Bh2 {[%emt 0:00:41]} Bf6 {[%emt 0:00:19]} 31. Be2 {[%emt 0:00:42]} Qe4 {[%emt 0:01:15]} 32. Qf1 {[%emt 0:00:05]} d4 {[%emt 0:00:11]} 33. Bf3 {[%emt 0:00:35]} Qxf5 {[%emt 0:00:09]} 34. Qc4 {[%emt 0:00:08]} b6 {[%emt 0:00:21]} 35. Re1 {[%emt 0:00:17]} d3 {[%emt 0:00:41]} 36. Be4 {[%emt 0:00:08]} d2 {[%emt 0:00:15]} 37. Rd1 {[%emt 0:00:17]} Qg4 {[%emt 0:00:39]} 38. Qc2 {[%emt 0:00:42]} Rc8 {[%emt 0:00:08]} 0-1

[Event "European Online Club-ch-D 2021"]
[Site "Online"]
[Date "2021.03.27"]
[Round "5.18"]
[White "Kvetny, Mark"]
[Black "Nandhidhaa, P V"]
[Result "1-0"]
[WhiteElo "2416"]
[BlackElo "2365"]
[Annotator "NA"]
[PlyCount "71"]
[EventDate "2021.03.27"]
[EventType "team-tourn"]
[EventCountry "NET"]
[SourceTitle "playchess.com"]
[Source "ChessBase"]
[SourceQuality "1"]
[TimeControl "900+5"]

1. Nf3 {[%emt 0:00:00]} e6 {[%emt 0:00:16]} 2. g3 {[%emt 0:00:35]} Nf6 {[%emt 0:00:09]} 3. Bg2 {[%emt 0:00:01]} d5 {[%emt 0:00:01]} 4. O-O {[%emt 0:00:14]} Be7 {[%emt 0:00:02]} 5. d3 {[%emt 0:00:02]} O-O {[%emt 0:00:05]} 6. Nbd2 {[%emt 0:00:51]} c5 {[%emt 0:00:23]} 7. e4 {[%emt 0:00:04]} Nc6 {[%emt 0:00:08]} 8. Qe2 {[%emt 0:00:06]} b5 {[%emt 0:00:35]} 9. e5 {[%emt 0:01:19]} Nd7 {[%emt 0:00:04]} 10. Re1 {[%emt 0:00:01]} Bb7 {[%emt 0:00:14]} 11. Nf1 {[%emt 0:00:07]} Rc8 {[%emt 0:00:07]} 12. c3 {[%emt 0:00:25]} b4 {[%emt 0:00:46]} 13. h4 {[%emt 0:00:18]} a5 {[%emt 0:00:32]} 14. N1h2 {[%emt 0:00:18]} a4 {[%emt 0:01:05]} 15. a3 {[%emt 0:00:03]} bxc3 {[%emt 0:01:33]} 16. bxc3 {[%emt 0:00:02]} Na5 {[%emt 0:00:02]} 17. Bf4 {[%emt 0:00:17]} Nb3 {[%emt 0:00:33]} 18. Ra2 {[%emt 0:00:35]} Qa5 {[%emt 0:00:43]} 19. Qc2 {[%emt 0:01:25]} Rfe8 {[%emt 0:01:06]} 20. h5 {[%emt 0:01:21]} Bf8 {[%emt 0:03:09]} 21. h6 {[%emt 0:00:46]} g6 {[%emt 0:00:04]} 22. Ng4 {[%emt 0:00:04]} d4 {[%emt 0:00:07]} 23. Bd2 {[%emt 0:01:20]} Nxd2 {[%emt 0:00:29]} 24. Nxd2 {[%emt 0:00:03]} Bxg2 {[%emt 0:00:36]} 25. Kxg2 {[%emt 0:00:04]} dxc3 {[%emt 0:00:22]} 26. Ne4 {[%emt 0:00:08]} Kh8 {[%emt 0:00:52]} 27. Qxc3 {[%emt 0:01:33]} Qxc3 {[%emt 0:00:05]} 28. Nxc3 {[%emt 0:00:03]} c4 {[%emt 0:00:06]} 29. d4 {[%emt 0:00:10]} Nb6 {[%emt 0:00:09]} 30. Rb2 {[%emt 0:01:26]} Nd5 {[%emt 0:00:20]} 31. Nxd5 {[%emt 0:00:02]} exd5 {[%emt 0:00:07]} 32. Nf6 {[%emt 0:00:01]} Red8 {[%emt 0:00:20]} 33. Rb7 {[%emt 0:00:11]} Bxh6 {[%emt 0:00:40]} 34. Rxf7 {[%emt 0:01:34]} Bg7 {[%emt 0:00:06]} 35. Rh1 {[%emt 0:00:04]} h6 {[%emt 0:00:19]} 36. Rxh6+ {[%emt 0:00:07]} 1-0

[Event "European Online Club-ch-D 2021"]
[Site "Online"]
[Date "2021.03.27"]
[Round "5.19"]
[White "Dauletova, Gulmira"]
[Black "Hoffmann, Hendrik"]
[Result "1-0"]
[WhiteElo "2285"]
[BlackElo "2242"]
[Annotator "NA"]
[PlyCount "35"]
[EventDate "2021.03.27"]
[EventType "team-tourn"]
[EventCountry "NET"]
[SourceTitle "playchess.com"]
[Source "ChessBase"]
[SourceQuality "1"]
[TimeControl "900+5"]

1. e4 {[%emt 0:00:00]} d6 {[%emt 0:00:06]} 2. d4 {[%emt 0:00:02]} Nf6 {[%emt 0:00:01]} 3. Nc3 {[%emt 0:00:02]} g6 {[%emt 0:00:03]} 4. Be3 {[%emt 0:00:05]} Bg7 {[%emt 0:00:02]} 5. Qd2 {[%emt 0:00:08]} O-O {[%emt 0:00:05]} 6. O-O-O {[%emt 0:01:19]} c6 {[%emt 0:00:08]} 7. Bh6 {[%emt 0:00:11]} b5 {[%emt 0:00:05]} 8. f3 {[%emt 0:00:42]} b4 {[%emt 0:00:37]} 9. Nce2 {[%emt 0:01:23]} a5 {[%emt 0:00:06]} 10. Kb1 {[%emt 0:00:37]} Ba6 {[%emt 0:00:08]} 11. h4 {[%emt 0:00:16]} Qc7 {[%emt 0:00:40]} 12. h5 {[%emt 0:00:53]} e5 {[%emt 0:00:08]} 13. Ng3 {[%emt 0:02:22]} Bxf1 {[%emt 0:00:07]} 14. Rxf1 {[%emt 0:02:26]} Ne8 {[%emt 0:03:40]} 15. Bxg7 {[%emt 0:00:25]} Kxg7 {[%emt 0:00:08]} 16. f4 {[%emt 0:00:26]} Ra7 {[%emt 0:01:28]} 17. fxe5 {[%emt 0:00:15]} dxe5 {[%emt 0:00:06]} 18. hxg6 {[%emt 0:00:08]} 1-0

[Event "European Online Club-ch-D 2021"]
[Site "Online"]
[Date "2021.03.27"]
[Round "5.20"]
[White "Kelmendi, Bajrush"]
[Black "Muminova, Nafisa"]
[Result "0-1"]
[WhiteElo "1951"]
[BlackElo "2274"]
[Annotator "NA"]
[PlyCount "144"]
[EventDate "2021.03.27"]
[EventType "team-tourn"]
[EventCountry "NET"]
[SourceTitle "playchess.com"]
[Source "ChessBase"]
[SourceQuality "1"]
[TimeControl "900+5"]

1. c4 {[%emt 0:00:00]} e5 {[%emt 0:00:06]} 2. Nc3 {[%emt 0:00:03]} Nc6 {[%emt 0:00:02]} 3. e4 {[%emt 0:00:04]} Bc5 {[%emt 0:00:08]} 4. d3 {[%emt 0:00:02]} d6 {[%emt 0:00:12]} 5. Be2 {[%emt 0:00:04]} Nf6 {[%emt 0:00:10]} 6. h4 {[%emt 0:00:09]} Be6 {[%emt 0:00:16]} 7. a3 {[%emt 0:00:06]} a5 {[%emt 0:00:11]} 8. Be3 {[%emt 0:00:04]} Qd7 {[%emt 0:00:42]} 9. Nf3 {[%emt 0:00:08]} Ng4 {[%emt 0:00:48]} 10. Bxc5 {[%emt 0:01:40]} dxc5 {[%emt 0:00:04]} 11. Na4 {[%emt 0:00:11]} b6 {[%emt 0:00:05]} 12. Nc3 {[%emt 0:00:02]} h5 {[%emt 0:00:49]} 13. Nd5 {[%emt 0:00:18]} Ne7 {[%emt 0:01:44]} 14. Ng5 {[%emt 0:00:44]} Bxd5 {[%emt 0:02:45]} 15. cxd5 {[%emt 0:00:10]} c6 {[%emt 0:00:19]} 16. dxc6 {[%emt 0:00:15]} Nxc6 {[%emt 0:00:03]} 17. Qa4 {[%emt 0:02:35]} Rd8 {[%emt 0:02:13]} 18. f3 {[%emt 0:02:15]} Nf6 {[%emt 0:00:27]} 19. O-O-O {[%emt 0:00:08]} Nd4 {[%emt 0:01:12]} 20. Qxd7+ {[%emt 0:00:22]} Rxd7 {[%emt 0:00:05]} 21. Kd2 {[%emt 0:00:18]} Ke7 {[%emt 0:00:11]} 22. Ke3 {[%emt 0:00:03]} Rhd8 {[%emt 0:00:16]} 23. g3 {[%emt 0:00:44]} g6 {[%emt 0:01:14]} 24. Bf1 {[%emt 0:00:36]} Ne8 {[%emt 0:00:12]} 25. f4 {[%emt 0:00:06]} f6 {[%emt 0:00:11]} 26. Nf3 {[%emt 0:00:12]} Nxf3 {[%emt 0:00:11]} 27. Kxf3 {[%emt 0:00:02]} Nc7 {[%emt 0:00:03]} 28. fxe5 {[%emt 0:00:09]} fxe5 {[%emt 0:00:02]} 29. Ke3 {[%emt 0:00:02]} Nb5 {[%emt 0:00:17]} 30. Bh3 {[%emt 0:00:17]} Rd6 {[%emt 0:00:03]} 31. g4 {[%emt 0:00:07]} c4 {[%emt 0:00:25]} 32. Bf1 {[%emt 0:00:05]} Nd4 {[%emt 0:00:48]} 33. Rh2 {[%emt 0:00:16]} hxg4 {[%emt 0:00:14]} 34. Rg2 {[%emt 0:00:07]} Rf8 {[%emt 0:00:12]} 35. Be2 {[%emt 0:00:03]} Nxe2 {[%emt 0:00:04]} 36. Kxe2 {[%emt 0:00:01]} cxd3+ {[%emt 0:00:07]} 37. Rxd3 {[%emt 0:00:02]} Rxd3 {[%emt 0:00:05]} 38. Kxd3 {[%emt 0:00:02]} Rf4 {[%emt 0:00:05]} 39. Ke3 {[%emt 0:00:12]} Kf7 {[%emt 0:00:10]} 40. Rc2 {[%emt 0:00:12]} Rf3+ {[%emt 0:00:02]} 41. Ke2 {[%emt 0:00:05]} Rb3 {[%emt 0:00:03]} 42. Kf1 {[%emt 0:00:14]} Kg7 {[%emt 0:00:06]} 43. Rg2 {[%emt 0:00:07]} g3 {[%emt 0:00:03]} 44. Rc2 {[%emt 0:00:04]} Kh6 {[%emt 0:00:02]} 45. Kg2 {[%emt 0:00:02]} Kh5 {[%emt 0:00:09]} 46. Kh3 {[%emt 0:00:02]} g2+ {[%emt 0:00:11]} 47. Kxg2 {[%emt 0:00:03]} Kxh4 {[%emt 0:00:02]} 48. Kh2 {[%emt 0:00:06]} g5 {[%emt 0:00:02]} 49. Kg2 {[%emt 0:00:05]} Kg4 {[%emt 0:00:05]} 50. Rf2 {[%emt 0:00:04]} a4 {[%emt 0:00:06]} 51. Kg1 {[%emt 0:00:04]} Kg3 {[%emt 0:00:06]} 52. Rf5 {[%emt 0:00:04]} g4 {[%emt 0:00:05]} 53. Rf2 {[%emt 0:00:02]} Kh3 {[%emt 0:00:06]} 54. Rh2+ {[%emt 0:00:02]} Kg3 {[%emt 0:00:03]} 55. Rd2 {[%emt 0:00:05]} Kf4 {[%emt 0:00:04]} 56. Rc2 {[%emt 0:00:06]} Kxe4 {[%emt 0:00:04]} 57. Kg2 {[%emt 0:00:03]} Kf4 {[%emt 0:00:04]} 58. Rf2+ {[%emt 0:00:02]} Kg5 {[%emt 0:00:03]} 59. Rc2 {[%emt 0:00:02]} Kh4 {[%emt 0:00:10]} 60. Rd2 {[%emt 0:00:03]} e4 {[%emt 0:00:02]} 61. Re2 {[%emt 0:00:12]} e3 {[%emt 0:00:11]} 62. Rc2 {[%emt 0:00:04]} b5 {[%emt 0:00:02]} 63. Kh2 {[%emt 0:00:04]} g3+ {[%emt 0:00:08]} 64. Kg2 {[%emt 0:00:02]} Kg4 {[%emt 0:00:01]} 65. Re2 {[%emt 0:00:04]} Rd3 {[%emt 0:00:08]} 66. Re1 {[%emt 0:00:03]} Rd2+ {[%emt 0:00:04]} 67. Kg1 {[%emt 0:00:02]} Kf3 {[%emt 0:00:06]} 68. Rf1+ {[%emt 0:00:06]} Rf2 {[%emt 0:00:02]} 69. Rc1 {[%emt 0:00:02]} Rg2+ {[%emt 0:00:03]} 70. Kh1 {[%emt 0:00:05]} Rf2 {[%emt 0:00:08]} 71. Kg1 {[%emt 0:00:05]} g2 {[%emt 0:00:06]} 72. Kh2 {[%emt 0:00:22]} Rf1 {[%emt 0:00:08]} 0-1